000 00184nam a2200085 4500
001 1256686
005 20260102121224.0
245 _aTERSİNE DÜNYA
_cORHAN KEMAL
260 _bSEVEREST ROMAN
999 _c1256686
_d1256686